| Tag |
First Indicator |
Second Indicator |
Subfields |
| LEADER |
00000cam a2200000 i 4500 |
| 001 |
in00004807253 |
| 008 |
920814s1992 msua bt 000 0 eng d |
| 005 |
20240807182824.6 |
| 035 |
|
|
|a (OCoLC)ocm26392617
|
| 040 |
|
|
|a AFM
|b eng
|e rda
|c AFM
|d OCLCQ
|d IAY
|d OCLCQ
|d OCLCF
|d OCLCQ
|d OCLCO
|d OCLCA
|d OCLCO
|d OCLCQ
|d OCLCL
|
| 035 |
|
|
|a (OCoLC)26392617
|
| 050 |
|
4 |
|a TD395
|b .P75 1992
|
| 049 |
|
|
|a MAIN
|
| 100 |
1 |
|
|a Price, Richard E,
|e author
|
| 245 |
1 |
0 |
|a Water quality management for reservoirs and tailwaters.
|n report 2,
|p Operational and structural water quality enhancement techniques /
|c by Richard E. Price, Edward B. Meyer.
|
| 246 |
3 |
0 |
|a Operational and structural water quality enhancement techniques
|
| 264 |
|
1 |
|a Vicksburg, Miss. :
|b U.S. Army Engineer Waterways Experiment Station ;
|c 1992.
|
| 264 |
|
1 |
|a Springfield, Va. :
|b Available from National Technical Information Service,
|c 1992.
|
| 300 |
|
|
|a 103 pages :
|b illustrations ;
|c 28 cm
|
| 336 |
|
|
|a text
|b txt
|2 rdacontent
|
| 337 |
|
|
|a unmediated
|b n
|2 rdamedia
|
| 338 |
|
|
|a volume
|b nc
|2 rdacarrier
|
| 490 |
1 |
|
|a Technical report ;
|v E-89-1 rept. 2
|
| 500 |
|
|
|a "July 1992."
|
| 500 |
|
|
|a Cover title.
|
| 500 |
|
|
|a Prepared for Department of the Army, US Army Corps of Engineers; monitored by Environmental Laboratory, US Army Engineer Waterways Experiment Station.
|
| 500 |
|
|
|a At head of title: "Water Operations Technical Support Program."
|
| 500 |
|
|
|a "Report 2 of a series."
|
| 504 |
|
|
|a Includes bibliographical references.
|
| 505 |
0 |
|
|a I. Introduction -- II. Water control structures/facilities -- III. Facility types -- IV. Guide curve change -- V. Inflow routing -- VI. Supplemental releases for water quality -- VII. Concentration of flow through one gate -- VIII. Release strategy optimization -- IX. Hypolimnetic withdrawal -- X. Pneumatic destratification -- XI. Underwater Dam -- XII. Aeration-oxygenation systems -- XIII. Turbine venting -- XIV. Submerged skimming weir -- XV. Multilevel selective withdrawal -- XVI. Localized mixing.
|
| 590 |
|
|
|b TAG Physical Holdings 2
|
| 650 |
|
0 |
|a Reservoirs
|x Destratification.
|0 http://id.loc.gov/authorities/subjects/sh85113076
|
| 650 |
|
0 |
|a Water quality management.
|0 http://id.loc.gov/authorities/subjects/sh85145604
|
| 650 |
|
0 |
|a Lake restoration.
|0 http://id.loc.gov/authorities/subjects/sh85074018
|
| 650 |
|
0 |
|a Eutrophication.
|0 http://id.loc.gov/authorities/subjects/sh85045914
|
| 650 |
|
6 |
|a Réservoirs (Lacs)
|x Déstratification.
|
| 650 |
|
6 |
|a Eau
|x Qualité
|x Gestion.
|
| 650 |
|
6 |
|a Lacs
|x Assainissement.
|
| 650 |
|
6 |
|a Eutrophisation.
|
| 650 |
|
7 |
|a water quality management.
|2 aat
|
| 650 |
|
7 |
|a Eutrophication.
|2 fast
|0 (OCoLC)fst00916948
|
| 650 |
|
7 |
|a Lake restoration.
|2 fast
|0 (OCoLC)fst01430648
|
| 650 |
|
7 |
|a Reservoirs
|x Destratification.
|2 fast
|0 (OCoLC)fst01095487
|
| 650 |
|
7 |
|a Water quality management.
|2 fast
|0 (OCoLC)fst01171900
|
| 700 |
1 |
|
|a Meyer, Edward B.
|
| 710 |
2 |
|
|a Water Operations Technical Support Program (U.S.)
|0 http://id.loc.gov/authorities/names/no2001055393
|
| 710 |
1 |
|
|a United States.
|b Army.
|b Corps of Engineers.
|
| 710 |
2 |
|
|a U.S. Army Engineer Waterways Experiment Station.
|0 http://id.loc.gov/authorities/names/n80157038
|
| 758 |
|
|
|i has work:
|a Water quality management for reservoirs and tailwaters Report 2 Operational and structural water quality enhancement techniques (Text)
|1 https://id.oclc.org/worldcat/entity/E39PCGYQ7dHPb4yKW3MgPHDkKq
|4 https://id.oclc.org/worldcat/ontology/hasWork
|
| 830 |
|
0 |
|a Technical report (U.S. Army Engineer Waterways Experiment Station) ;
|v E-89-1.
|0 http://id.loc.gov/authorities/names/n84716505
|
| 994 |
|
|
|a 92
|b TAG
|
| 852 |
|
|
|a TAG
|b TAGC
|c galv,stk
|h TA7 .W34 T.R. E-89-1 rept.2
|t c.1
|
| 866 |
|
0 |
|8 0
|a E-89-1
|
| 876 |
|
|
|3 E-89-1
|c 10.00
|p 33620000911319
|x acc# 2000-321;gift
|z Technical Rept
|v unmediated -- volume
|
| 999 |
f |
f |
|s 5de7850c-c4b8-4be3-b943-9293bb929032
|i c110ee70-07ae-4a14-8477-e1f42157705c
|t 0
|
| 952 |
f |
f |
|p normal
|a Texas A&M University
|b Galveston Campus
|c Jack K. Williams Library
|d Galveston Stacks
|t 0
|e TA7 .W34 T.R. E-89-1 rept.2
|h Library of Congress classification
|i unmediated -- volume
|k E-89-1
|m 33620000911319
|
| 998 |
f |
f |
|a TA7 .W34 T.R. E-89-1 rept.2
|s E-89-1
|t 0
|l Galveston Stacks
|